| 000 | 00372nam a2200133Ia 4500 | ||
|---|---|---|---|
| 008 | 211109s9999||||xx |||||||||||||| ||und|| | ||
| 082 |
_a894.8123 _bKAN-P |
||
| 100 | _aD Kangazha, Mohan | ||
| 245 | 0 | _aPreythalayam | |
| 260 |
_bCurrent Books _aKottayam Bn 795 _c1977 |
||
| 630 | _xgeneral stack | ||
| 650 |
_aMalayalam LIterature _vMalayalam FictionGeneralia |
||
| 942 | _cBOOK | ||
| 999 |
_c78809 _d78809 |
||